Nationalities of the deadly MH370 victims - Statistics

General Stats
  • This quiz has been taken 90 times
  • The average score is 9 of 14
Answer Stats
Number of people Answer % Correct
153 China
97%
50 Malaysia
94%
6 Australia
83%
3 United States of America
83%
7 Indonesia
82%
4 France
79%
2 Canada
68%
5 India
68%
1 Russia
65%
2 New Zealand
50%
1 Netherlands
44%
2 Iran
42%
1 Taiwan
40%
2 Ukraine
40%
No matching quizzes found
Score Distribution
Percent of People with Each Score
Percentile by Number Answered
Your Score History
You have not taken this quiz